000 00508nam a2200169Ia 4500
008 110201s9999 xx 000 0 und d
082 _bB7997
_aS 1337
100 _aमोने उत्तरा
245 _aकृतार्थ
260 _bअविष्कार पब्लिकेशन
365 _b200
600 _aमोने उत्तरा
630 _aकृतार्थ
700 _aमोने उत्तरा
730 _aकृतार्थ
942 _cBOOK
999 _c833493
_d833490